000 00291nam a2200121Ia 4500
008 191201s1988 xx 000 0 und d
100 _aANDREWS, Sudhir
245 0 _aHow to Succeed at Interviews
260 _aN.Delhi
_bTMH
_c1988
300 _a91
650 _aGeneral Books
942 _2ddc
_cBK
999 _c3352
_d3352